[Event "Stay Safe Play From Home 330"]
[Site "Mustafa Kemal Atatürk"]
[Date "2020.07.24"]
[Round "5"]
[White "W Nelles"]
[Black "Arimurakami"]
[Result "0-1"]
[WhiteElo "1367"]
[BlackElo "1089"]
[Annotator "NA"]
[PlyCount "44"]
[EventDate "2020.07.24"]
[EventType "swiss (blitz)"]

1. e4 {[%emt 0:00:06]} e5 {[%emt 0:00:02]} 2. Nf3 {[%emt 0:00:01]} Nc6 {[%emt 0:00:03]} 3. Bb5 {[%emt 0:00:02]} a6 {[%emt 0:00:04]} 4. Bxc6 {[%emt 0:00:02]} dxc6 {[%emt 0:00:02]} 5. Nxe5 {[%emt 0:00:01]} Qf6 {[%emt 0:00:12]} 6. Nf3 {[%emt 0:00:02]} Bd6 {[%emt 0:00:05]} 7. O-O {[%emt 0:00:02]} Qg6 {[%emt 0:00:03]} 8. e5 {[%emt 0:00:04]} Bh3 {[%emt 0:00:34]} 9. Nh4 {[%emt 0:00:08]} Qg5 {[%emt 0:00:50]} 10. exd6 {[%emt 0:00:07]} Qxh4 {[%emt 0:00:08]} 11. gxh3 {[%emt 0:00:08]} Nf6 {[%emt 0:00:05]} 12. Re1+ {[%emt 0:00:03]} Kf8 {[%emt 0:00:10]} 13. dxc7 {[%emt 0:00:11]} Qxh3 {[%emt 0:00:12]} 14. d3 {[%emt 0:00:13]} Ng4 {[%emt 0:00:08]} 15. Bf4 {[%emt 0:00:13]} h6 {[%emt 0:00:13]} 16. Bg3 {[%emt 0:00:05]} g5 {[%emt 0:00:03]} 17. Re4 {[%emt 0:00:06]} h5 {[%emt 0:00:04]} 18. Nd2 {[%emt 0:00:04]} f5 {[%emt 0:00:08]} 19. Qf3 {[%emt 0:00:08]} h4 {[%emt 0:00:10]} 20. Rxg4 {[%emt 0:00:03]} hxg3 {[%emt 0:00:07]} 21. Qxf5+ {[%emt 0:00:02]} Ke7 {[%emt 0:00:03]} 22. Rf1 {[%emt 0:00:03]} Qxh2# {[%emt 0:00:02] Mate (Lag: Av=1.09s, max=1.9s)} 0-1

[Event "Stay Safe Play From Home 330"]
[Site "Mustafa Kemal Atatürk"]
[Date "2020.07.24"]
[Round "5"]
[White "New ton"]
[Black "Dukic"]
[Result "0-1"]
[WhiteElo "1141"]
[BlackElo "1935"]
[PlyCount "58"]
[EventDate "2020.07.24"]
[EventType "swiss (blitz)"]

1. e4 {[%emt 0:00:02]} c5 {[%emt 0:00:03]} 2. Nf3 {[%emt 0:00:01]} e6 {[%emt 0:00:01]} 3. d4 {[%emt 0:00:01]} cxd4 {[%emt 0:00:02]} 4. Nxd4 {[%emt 0:00:01]} a6 {[%emt 0:00:01]} 5. Bc4 {[%emt 0:00:01]} b5 {[%emt 0:00:01]} 6. Bb3 {[%emt 0:00:02]} Bb7 {[%emt 0:00:01]} 7. Nc3 {[%emt 0:00:02]} b4 {[%emt 0:00:02]} 8. Na4 {[%emt 0:00:04]} Bxe4 {[%emt 0:00:02]} 9. h4 {[%emt 0:00:06]} Nf6 {[%emt 0:00:02]} 10. Bg5 {[%emt 0:00:03]} Bxg2 {[%emt 0:00:05]} 11. Rg1 {[%emt 0:00:03]} Bb7 {[%emt 0:00:03]} 12. Qe2 {[%emt 0:00:09]} Be7 {[%emt 0:00:04]} 13. O-O-O {[%emt 0:00:07]} h6 {[%emt 0:00:07]} 14. Be3 {[%emt 0:00:01]} g6 {[%emt 0:00:04]} 15. Nf3 {[%emt 0:00:02]} Nc6 {[%emt 0:00:14]} 16. Nc5 {[%emt 0:00:01]} Bc8 {[%emt 0:00:07]} 17. Nd4 {[%emt 0:00:08]} Ne5 {[%emt 0:00:11]} 18. Nd3 {[%emt 0:00:09]} Qa5 {[%emt 0:00:07]} 19. Bd2 {[%emt 0:00:08]} Nxd3+ {[%emt 0:00:10]} 20. Qxd3 {[%emt 0:00:03]} Bb7 {[%emt 0:00:03]} 21. a4 {[%emt 0:00:09]} h5 {[%emt 0:00:04]} 22. Bg5 {[%emt 0:00:06]} Rc8 {[%emt 0:00:19]} 23. Nf3 {[%emt 0:00:05]} Bc6 {[%emt 0:00:09]} 24. Qd4 {[%emt 0:00:04]} Qf5 {[%emt 0:00:08]} 25. Ne5 {[%emt 0:00:09]} Nd5 {[%emt 0:00:16]} 26. Nxc6 {[%emt 0:00:03]} dxc6 {[%emt 0:00:02]} 27. Bxe7 {[%emt 0:00:02]} Kxe7 {[%emt 0:00:01]} 28. Bxd5 {[%emt 0:00:01]} cxd5 {[%emt 0:00:02]} 29. Qg7 {[%emt 0:00:04]} Qxc2# {[%emt 0:00:05] Mate} 0-1

[Event "Stay Safe Play From Home 330"]
[Site "Mustafa Kemal Atatürk"]
[Date "2020.07.24"]
[Round "6"]
[White "BrainThinker22"]
[Black "Ionelluca"]
[Result "0-1"]
[WhiteElo "2144"]
[BlackElo "1997"]
[Annotator "NA"]
[PlyCount "53"]
[EventDate "2020.07.24"]
[EventType "swiss (blitz)"]

1. e4 {[%emt 0:00:02]} d6 {[%emt 0:00:01]} 2. Nc3 {[%emt 0:00:01]} Nf6 {[%emt 0:00:00]} 3. g3 {[%emt 0:00:01]} c6 {[%emt 0:00:01]} 4. Bg2 {[%emt 0:00:00]} Nbd7 {[%emt 0:00:01]} 5. d3 {[%emt 0:00:01]} Qc7 {[%emt 0:00:01]} 6. Be3 {[%emt 0:00:01]} e5 {[%emt 0:00:01]} 7. h3 {[%emt 0:00:01]} Be7 {[%emt 0:00:04]} 8. Qd2 {[%emt 0:00:01]} Nf8 {[%emt 0:00:01]} 9. Nge2 {[%emt 0:00:01]} b5 {[%emt 0:00:09]} 10. a3 {[%emt 0:00:03]} a6 {[%emt 0:00:01]} 11. O-O {[%emt 0:00:02]} Ng6 {[%emt 0:00:03]} 12. f4 {[%emt 0:00:04]} exf4 {[%emt 0:00:01]} 13. Nxf4 {[%emt 0:00:06]} Nxf4 {[%emt 0:00:03]} 14. Bxf4 {[%emt 0:00:02]} Be6 {[%emt 0:00:12]} 15. g4 {[%emt 0:00:07]} O-O {[%emt 0:00:02]} 16. d4 {[%emt 0:00:09]} Qb6 {[%emt 0:00:21]} 17. Kh1 {[%emt 0:00:07]} Rad8 {[%emt 0:00:04]} 18. Rae1 {[%emt 0:00:09]} Bc8 {[%emt 0:00:06]} 19. Bf3 {[%emt 0:00:42]} a5 {[%emt 0:00:04]} 20. g5 {[%emt 0:00:05]} Ne8 {[%emt 0:00:02]} 21. h4 {[%emt 0:00:32]} b4 {[%emt 0:00:01]} 22. axb4 {[%emt 0:00:09]} axb4 {[%emt 0:00:01]} 23. Na4 {[%emt 0:00:07]} Qb5 {[%emt 0:00:16]} 24. b3 {[%emt 0:00:02]} c5 {[%emt 0:00:01]} 25. d5 {[%emt 0:00:19]} f6 {[%emt 0:00:38]} 26. Be2 {[%emt 0:00:34]} Qd7 {[%emt 0:00:02]} 27. Qe3 {[%emt 0:00:13] BrainThinker22 resigns (Lag: Av=0.55s, max=0.8s)} 0-1

[Event "Stay Safe Play From Home 330"]
[Site "Mustafa Kemal Atatürk"]
[Date "2020.07.24"]
[Round "6"]
[White "Haxhi Baha"]
[Black "Schachwerk_64"]
[Result "1-0"]
[WhiteElo "2010"]
[BlackElo "1873"]
[Annotator "NA"]
[PlyCount "55"]
[EventDate "2020.07.24"]
[EventType "swiss (blitz)"]

1. e4 {[%emt 0:00:01]} e5 {[%emt 0:00:01]} 2. f4 {[%emt 0:00:04]} Nc6 {[%emt 0:00:01]} 3. Nf3 {[%emt 0:00:01]} exf4 {[%emt 0:00:11]} 4. d4 {[%emt 0:00:01]} d5 {[%emt 0:00:04]} 5. exd5 {[%emt 0:00:11]} Qxd5 {[%emt 0:00:02]} 6. Bd3 {[%emt 0:00:07]} Bg4 {[%emt 0:00:03]} 7. c3 {[%emt 0:00:02]} Bd6 {[%emt 0:00:05]} 8. O-O {[%emt 0:00:02]} Nge7 {[%emt 0:00:16]} 9. Nbd2 {[%emt 0:00:15]} O-O {[%emt 0:00:02]} 10. c4 {[%emt 0:00:15]} Qh5 {[%emt 0:00:24]} 11. c5 {[%emt 0:00:09]} Nxd4 {[%emt 0:00:38]} 12. cxd6 {[%emt 0:00:06]} Nd5 {[%emt 0:00:01]} 13. Nb3 {[%emt 0:00:25]} Nxf3+ {[%emt 0:00:13]} 14. gxf3 {[%emt 0:00:02]} Bh3 {[%emt 0:00:02]} 15. Rf2 {[%emt 0:00:11]} Ne3 {[%emt 0:00:15]} 16. Bxe3 {[%emt 0:00:06]} fxe3 {[%emt 0:00:01]} 17. Rc2 {[%emt 0:00:09]} Rad8 {[%emt 0:01:08]} 18. dxc7 {[%emt 0:00:14]} Rd5 {[%emt 0:00:04]} 19. c8=Q {[%emt 0:00:14]} Bxc8 {[%emt 0:00:07]} 20. Qe2 {[%emt 0:00:12]} Bh3 {[%emt 0:00:01]} 21. Kh1 {[%emt 0:00:11]} Re5 {[%emt 0:00:04]} 22. Rg1 {[%emt 0:00:03]} Qh6 {[%emt 0:00:02]} 23. Be4 {[%emt 0:00:09]} Rfe8 {[%emt 0:00:00]} 24. Rc3 {[%emt 0:00:08]} Rh5 {[%emt 0:00:01]} 25. Rxe3 {[%emt 0:00:04]} Qd6 {[%emt 0:00:01]} 26. Bxh7+ {[%emt 0:00:10]} Kxh7 {[%emt 0:00:01]} 27. Rxe8 {[%emt 0:00:01]} Bg4 {[%emt 0:00:02]} 28. fxg4 {[%emt 0:00:04] Zeit (Lag: Av=0.60s, max=1.0s)} 1-0

[Event "Stay Safe Play From Home 330"]
[Site "Mustafa Kemal Atatürk"]
[Date "2020.07.24"]
[Round "6"]
[White "Dukic"]
[Black "Lazieri3"]
[Result "1-0"]
[WhiteElo "1936"]
[BlackElo "2054"]
[PlyCount "55"]
[EventDate "2020.07.24"]
[EventType "swiss (blitz)"]

1. c4 {[%emt 0:00:03]} c5 {[%emt 0:00:05]} 2. Nc3 {[%emt 0:00:02]} Nc6 {[%emt 0:00:00]} 3. Nf3 {[%emt 0:00:01]} Nf6 {[%emt 0:00:01]} 4. d4 {[%emt 0:00:01]} cxd4 {[%emt 0:00:16]} 5. Nxd4 {[%emt 0:00:01]} Nxd4 {[%emt 0:00:00]} 6. Qxd4 {[%emt 0:00:02]} d6 {[%emt 0:00:00]} 7. g3 {[%emt 0:00:01]} g6 {[%emt 0:00:01]} 8. Bg2 {[%emt 0:00:01]} Bg7 {[%emt 0:00:00]} 9. Qh4 {[%emt 0:00:02]} O-O {[%emt 0:00:01]} 10. O-O {[%emt 0:00:06]} Rb8 {[%emt 0:00:01]} 11. Rd1 {[%emt 0:00:02]} b6 {[%emt 0:00:01]} 12. Bg5 {[%emt 0:00:11]} Bb7 {[%emt 0:00:02]} 13. e4 {[%emt 0:00:04]} Qc7 {[%emt 0:00:14]} 14. Rac1 {[%emt 0:00:06]} Qxc4 {[%emt 0:00:22]} 15. Nd5 {[%emt 0:00:01]} Qxa2 {[%emt 0:00:01]} 16. Nxe7+ {[%emt 0:00:01]} Kh8 {[%emt 0:00:01]} 17. Bxf6 {[%emt 0:00:01]} Rbe8 {[%emt 0:00:26]} 18. Ra1 {[%emt 0:00:36]} Qe6 {[%emt 0:00:24]} 19. Bxg7+ {[%emt 0:00:05]} Kxg7 {[%emt 0:00:02]} 20. Nd5 {[%emt 0:00:00]} Bxd5 {[%emt 0:00:20]} 21. Rxd5 {[%emt 0:00:04]} Re7 {[%emt 0:01:03]} 22. Rad1 {[%emt 0:00:02]} Rd8 {[%emt 0:00:03]} 23. e5 {[%emt 0:00:22]} Red7 {[%emt 0:00:21]} 24. Bh3 {[%emt 0:00:07]} Qe8 {[%emt 0:00:01]} 25. Qf6+ {[%emt 0:00:04]} Kg8 {[%emt 0:00:01]} 26. Bxd7 {[%emt 0:00:02]} Rxd7 {[%emt 0:00:01]} 27. Rxd6 {[%emt 0:00:01]} Rxd6 {[%emt 0:00:02]} 28. Rxd6 {[%emt 0:00:01] Time (Lag: Av=0.67s, max=1.0s)} 1-0

[Event "Stay Safe Play From Home 330"]
[Site "Mustafa Kemal Atatürk"]
[Date "2020.07.24"]
[Round "6"]
[White "Timbre"]
[Black "SelamiSahin"]
[Result "0-1"]
[WhiteElo "1662"]
[BlackElo "2164"]
[Annotator "TA"]
[PlyCount "128"]
[EventDate "2020.07.24"]
[EventType "swiss (blitz)"]

{[%evp 17,128,11,22,3,0,-11,-13,-25,-14,-66,-61,-117,-93,-130,-114,-136,-160,-144,-155,-239,-236,-231,-227,-352,-343,-370,-377,-438,-429,-481,-402,-542,-520,-981,-781,-990,-690,-994,-881,-1707,-912,-902,-883,-827,-666,-770,-612,-560,-429,-429,-355,-347,-339,-338,-288,-284,-266,-281,-266,-266,-247,-350,-350,-350,-350,-350,-350,-429,-424,-507,-491,-443,-322,-322,-168,-168,-168,-29962,-29963,-29969,-29970,-29974,-174,-29983,-29977,-29977,-29978,-29979,-29960,-29977,-29977,-29978,-29979,-29979,-29980,-29982,-29980,-29981,-29982,-29981,-29979,-29979,-29980,-29982,-29983,-29983,-29983,-29989,-29986,-29994,-29986,-29986,-29987]} 1. d4 Nf6 2. Nf3 c5 3. c3 g6 4. Bf4 Bg7 5. e3 O-O 6. Be2 b6 7. Nbd2 Bb7 8. O-O d6 9. h3 Nbd7 10. a3 {A48: 1 d4 Nf6 2 Nf3 g6: Torre, London and Colle Systems.} Rc8 {[#]} 11. Qa4 $146 ({Predecessor:} 11. Rc1 Re8 12. b4 Nd5 13. bxc5 Nxf4 14. exf4 dxc5 15. a4 cxd4 16. cxd4 Nf6 17. Rxc8 Qxc8 {0-1 (31) Lemani,E (1240)-Papadopoulou,V (2189) Achaea 2012}) 11... a6 12. Qd1 {The position is equal.} b5 13. dxc5 (13. a4 $11) 13... Nxc5 $15 14. c4 ({White should play} 14. Bg3 $15) 14... bxc4 15. Bxc4 Nh5 16. Bh2 Bxb2 17. Rb1 Bg7 ({Don't do} 17... Bxa3 18. Nd4 $15) 18. Rxb7 (18. Qe2 $17 {was worth a try.}) 18... Nxb7 $19 19. Bxa6 Qb6 20. Bxb7 (20. Be2 {keeps fighting.}) 20... Qxb7 21. Qa4 Ra8 22. Qg4 Rxa3 23. Nd4 Nf6 24. Qg3 Ra2 25. N2f3 (25. Qf3 $142 Rb8 26. Qxb7 Rxb7 27. N4f3) 25... Rb2 26. Qg5 Rb1 27. Bg3 Ne4 28. Qf4 Nxg3 29. Qxg3 Rxf1+ 30. Kxf1 Ra8 31. Kg1 Qe4 32. Kh2 Be5 33. Nxe5 Qxe5 34. Qxe5 dxe5 {[%mdl 4096] Endgame KR-KN} 35. Nc6 e6 36. Nxe5 Kg7 37. g3 Ra2 38. Kg2 h5 39. h4 (39. g4 $142) 39... f6 40. Nf3 Kh6 41. Nd4 e5 42. Ne6 g5 43. hxg5+ fxg5 44. Nc5 Kg6 45. Ne4 h4 (45... Rc2 $142 {Threatens to win with ...Kf5.} 46. Kf3 Rc1) 46. gxh4 gxh4 {White must now prevent ...Kf5.} 47. Nc3 $2 {[#]} (47. Kh3 $19) 47... Rc2 48. Ne4 Kf5 49. Nd6+ Ke6 $2 (49... Kg4 {mates} 50. Ne4 h3+ 51. Kh2 Re2 52. Kh1 Re1+ 53. Kh2 Rf1 54. Nf6+ Kg5 55. Ne8 Kh4 56. Nd6 Rxf2+ 57. Kg1 Ra2 58. Kh1 h2 59. Ne4 Rc2 60. Nf2 Rxf2 61. e4 Rf4 62. Kxh2 Rf2+ 63. Kh1 Kg3 64. Kg1 Rf4 65. Kh1 Rf1#) 50. Ne8 $2 (50. Ne4 $19) 50... h3+ {Black mates.} 51. Kxh3 Rxf2 52. Ng7+ Kf7 53. Nh5 Rf3+ 54. Kg4 Rxe3 55. Ng3 Ke6 56. Nh5 Re1 57. Ng3 Kd5 58. Kf3 e4+ 59. Kf2 Ra1 60. Nf5 Ke5 61. Ne3 Ra2+ 62. Ke1 Kf4 63. Ng2+ Kg3 64. Ne3 Kf3 {White did not feel at home in the position after the opening. Accuracy: White = 47%, Black = 72%.} 0-1

[Event "Stay Safe Play From Home 330"]
[Site "Mustafa Kemal Atatürk"]
[Date "2020.07.24"]
[Round "6"]
[White "Kongle"]
[Black "New ton"]
[Result "1-0"]
[WhiteElo "1616"]
[BlackElo "1141"]
[Annotator "NA"]
[PlyCount "107"]
[EventDate "2020.07.24"]
[EventType "swiss (blitz)"]

1. e4 {[%emt 0:00:02]} d5 {[%emt 0:00:00]} 2. e5 {[%emt 0:00:04]} d4 {[%emt 0:00:02]} 3. Bc4 {[%emt 0:00:03]} Nc6 {[%emt 0:00:02]} 4. d3 {[%emt 0:00:01]} Nxe5 {[%emt 0:00:02]} 5. Bb3 {[%emt 0:00:01]} Bg4 {[%emt 0:00:04]} 6. f3 {[%emt 0:00:02]} Bh5 {[%emt 0:00:02]} 7. Bf4 {[%emt 0:00:03]} Nc6 {[%emt 0:00:09]} 8. Nd2 {[%emt 0:00:03]} Nf6 {[%emt 0:00:01]} 9. Qe2 {[%emt 0:00:03]} e6 {[%emt 0:00:03]} 10. Ne4 {[%emt 0:00:08]} Bd6 {[%emt 0:00:02]} 11. Nxd6+ {[%emt 0:00:02]} cxd6 {[%emt 0:00:01]} 12. O-O-O {[%emt 0:00:01]} e5 {[%emt 0:00:02]} 13. Bg5 {[%emt 0:00:04]} O-O {[%emt 0:00:03]} 14. a3 {[%emt 0:00:03]} h6 {[%emt 0:00:01]} 15. Bh4 {[%emt 0:00:03]} Na5 {[%emt 0:00:07]} 16. Ba2 {[%emt 0:00:06]} b5 {[%emt 0:00:04]} 17. Kb1 {[%emt 0:00:12]} Nc6 {[%emt 0:00:02]} 18. Qf2 {[%emt 0:00:18]} a5 {[%emt 0:00:02]} 19. Bd5 {[%emt 0:00:05]} Ra6 {[%emt 0:00:04]} 20. Ba2 {[%emt 0:00:12]} Qd7 {[%emt 0:00:02]} 21. Re1 {[%emt 0:00:03]} b4 {[%emt 0:00:03]} 22. a4 {[%emt 0:00:04]} Ne7 {[%emt 0:00:03]} 23. Bb3 {[%emt 0:00:03]} Ned5 {[%emt 0:00:10]} 24. Nh3 {[%emt 0:00:11]} Ne3 {[%emt 0:00:02]} 25. Bxf6 {[%emt 0:00:05]} gxf6 {[%emt 0:00:04]} 26. f4 {[%emt 0:00:03]} d5 {[%emt 0:00:17]} 27. fxe5 {[%emt 0:00:05]} fxe5 {[%emt 0:00:02]} 28. Qg3+ {[%emt 0:00:17]} Bg6 {[%emt 0:00:01]} 29. Nf2 {[%emt 0:00:04]} h5 {[%emt 0:00:02]} 30. h3 {[%emt 0:00:04]} Rc8 {[%emt 0:00:03]} 31. Nd1 {[%emt 0:00:06]} Rac6 {[%emt 0:00:03]} 32. Nxe3 {[%emt 0:00:01]} dxe3 {[%emt 0:00:02]} 33. Rxe3 {[%emt 0:00:02]} e4 {[%emt 0:00:03]} 34. dxe4 {[%emt 0:00:02]} dxe4 {[%emt 0:00:01]} 35. Rxe4 {[%emt 0:00:04]} Re6 {[%emt 0:00:01]} 36. Rxe6 {[%emt 0:00:02]} fxe6 {[%emt 0:00:01]} 37. Qxg6+ {[%emt 0:00:04]} Kf8 {[%emt 0:00:03]} 38. Bxe6 {[%emt 0:00:05]} Qg7 {[%emt 0:00:02]} 39. Qxg7+ {[%emt 0:00:02]} Kxg7 {[%emt 0:00:01]} 40. Bxc8 {[%emt 0:00:00]} Kf6 {[%emt 0:00:01]} 41. Re1 {[%emt 0:00:03]} Kg5 {[%emt 0:00:01]} 42. Re5+ {[%emt 0:00:02]} Kh4 {[%emt 0:00:02]} 43. Rxa5 {[%emt 0:00:02]} Kg3 {[%emt 0:00:01]} 44. Rxh5 {[%emt 0:00:02]} Kxg2 {[%emt 0:00:01]} 45. a5 {[%emt 0:00:02]} Kg3 {[%emt 0:00:02]} 46. a6 {[%emt 0:00:01]} Kf4 {[%emt 0:00:01]} 47. a7 {[%emt 0:00:01]} Ke4 {[%emt 0:00:01]} 48. a8=Q+ {[%emt 0:00:03]} Kf4 {[%emt 0:00:00]} 49. h4 {[%emt 0:00:03]} b3 {[%emt 0:00:00]} 50. Rg5 {[%emt 0:00:07]} bxc2+ {[%emt 0:00:02]} 51. Kxc2 {[%emt 0:00:01]} Ke3 {[%emt 0:00:01]} 52. Qa7+ {[%emt 0:00:05]} Ke4 {[%emt 0:00:03]} 53. Bb7+ {[%emt 0:00:02]} Kf4 {[%emt 0:00:02]} 54. Qf2# {[%emt 0:00:02] (Lag: Av=0.71s, max=1.3s) Mate} 1-0

[Event "Stay Safe Play From Home 330"]
[Site "Mustafa Kemal Atatürk"]
[Date "2020.07.24"]
[Round "6"]
[White "Klasman"]
[Black "W Nelles"]
[Result "1-0"]
[WhiteElo "1600"]
[BlackElo "1339"]
[Annotator "NA"]
[PlyCount "103"]
[EventDate "2020.07.24"]
[EventType "swiss (blitz)"]

1. f4 {[%emt 0:00:02]} d5 {[%emt 0:00:02]} 2. Nf3 {[%emt 0:00:01]} Bf5 {[%emt 0:00:01]} 3. e3 {[%emt 0:00:01]} f6 {[%emt 0:00:01]} 4. c4 {[%emt 0:00:01]} dxc4 {[%emt 0:00:01]} 5. Bxc4 {[%emt 0:00:02]} c6 {[%emt 0:00:01]} 6. Qb3 {[%emt 0:00:01]} Nh6 {[%emt 0:00:04]} 7. Qxb7 {[%emt 0:00:04]} Nd7 {[%emt 0:00:01]} 8. Qxc6 {[%emt 0:00:07]} Rc8 {[%emt 0:00:01]} 9. Qb5 {[%emt 0:00:13]} Ng4 {[%emt 0:00:05]} 10. h3 {[%emt 0:00:07]} Nxe3 {[%emt 0:00:02]} 11. dxe3 {[%emt 0:00:03]} Qb6 {[%emt 0:00:01]} 12. Qxb6 {[%emt 0:00:03]} Nxb6 {[%emt 0:00:02]} 13. Bb5+ {[%emt 0:00:05]} Bd7 {[%emt 0:00:01]} 14. Bxd7+ {[%emt 0:00:02]} Kxd7 {[%emt 0:00:01]} 15. Nc3 {[%emt 0:00:01]} e5 {[%emt 0:00:05]} 16. fxe5 {[%emt 0:00:02]} Bb4 {[%emt 0:00:01]} 17. Bd2 {[%emt 0:00:09]} Bxc3 {[%emt 0:00:02]} 18. Bxc3 {[%emt 0:00:02]} fxe5 {[%emt 0:00:02]} 19. Nxe5+ {[%emt 0:00:02]} Ke6 {[%emt 0:00:01]} 20. O-O {[%emt 0:00:05]} Nd5 {[%emt 0:00:02]} 21. Nf7 {[%emt 0:00:09]} Rhg8 {[%emt 0:00:11]} 22. Ng5+ {[%emt 0:00:05]} Kd6 {[%emt 0:00:05]} 23. Rad1 {[%emt 0:00:11]} h6 {[%emt 0:00:04]} 24. Nf7+ {[%emt 0:00:15]} Ke7 {[%emt 0:00:04]} 25. Rxd5 {[%emt 0:00:04]} Rxc3 {[%emt 0:00:10]} 26. bxc3 {[%emt 0:00:02]} Ke6 {[%emt 0:00:05]} 27. c4 {[%emt 0:00:05]} Rb8 {[%emt 0:00:06]} 28. Ne5 {[%emt 0:00:11]} Rb4 {[%emt 0:00:04]} 29. e4 {[%emt 0:00:04]} Rb2 {[%emt 0:00:06]} 30. Rc1 {[%emt 0:00:02]} Rxa2 {[%emt 0:00:01]} 31. c5 {[%emt 0:00:01]} Re2 {[%emt 0:00:03]} 32. Rc4 {[%emt 0:00:02]} Rxe4 {[%emt 0:00:04]} 33. Rxe4 {[%emt 0:00:03]} Kxd5 {[%emt 0:00:01]} 34. c6 {[%emt 0:00:03]} Kxe4 {[%emt 0:00:01]} 35. c7 {[%emt 0:00:01]} Kxe5 {[%emt 0:00:01]} 36. c8=Q {[%emt 0:00:01]} Kd5 {[%emt 0:00:03]} 37. Qd7+ {[%emt 0:00:03]} Ke5 {[%emt 0:00:01]} 38. Qxa7 {[%emt 0:00:01]} Kd5 {[%emt 0:00:01]} 39. Qxg7 {[%emt 0:00:02]} Ke4 {[%emt 0:00:03]} 40. Qf6 {[%emt 0:00:03]} Kd5 {[%emt 0:00:01]} 41. Kf2 {[%emt 0:00:01]} Ke4 {[%emt 0:00:01]} 42. Qxh6 {[%emt 0:00:04]} Kd4 {[%emt 0:00:02]} 43. Qe6 {[%emt 0:00:01]} Kd3 {[%emt 0:00:03]} 44. h4 {[%emt 0:00:02]} Kd4 {[%emt 0:00:01]} 45. h5 {[%emt 0:00:01]} Kc5 {[%emt 0:00:01]} 46. Qd7 {[%emt 0:00:02]} Kc4 {[%emt 0:00:01]} 47. h6 {[%emt 0:00:01]} Kc5 {[%emt 0:00:01]} 48. h7 {[%emt 0:00:01]} Kc4 {[%emt 0:00:01]} 49. h8=Q {[%emt 0:00:01]} Kc5 {[%emt 0:00:01]} 50. Qhc8+ {[%emt 0:00:01]} Kb4 {[%emt 0:00:03]} 51. Qdb7+ {[%emt 0:00:02]} Ka5 {[%emt 0:00:01]} 52. Qca8# {[%emt 0:00:01] (Lag: Av=0.54s, max=0.9s)} 1-0

[Event "Stay Safe Play From Home 330"]
[Site "Mustafa Kemal Atatürk"]
[Date "2020.07.24"]
[Round "7"]
[White "BrainThinker22"]
[Black "Dukic"]
[Result "1-0"]
[WhiteElo "2120"]
[BlackElo "1958"]
[Annotator "NA"]
[PlyCount "45"]
[EventDate "2020.07.24"]
[EventType "swiss (blitz)"]

1. e4 {[%emt 0:00:02]} c6 {[%emt 0:00:02]} 2. d4 {[%emt 0:00:04]} d6 {[%emt 0:00:01]} 3. Nc3 {[%emt 0:00:03]} Nd7 {[%emt 0:00:01]} 4. Be3 {[%emt 0:00:09]} e5 {[%emt 0:00:01]} 5. Bc4 {[%emt 0:00:10]} Ngf6 {[%emt 0:00:02]} 6. f3 {[%emt 0:00:03]} b5 {[%emt 0:00:03]} 7. Bb3 {[%emt 0:00:01]} Bb7 {[%emt 0:00:04]} 8. Qd2 {[%emt 0:00:01]} Be7 {[%emt 0:00:02]} 9. Nge2 {[%emt 0:00:01]} a6 {[%emt 0:00:03]} 10. O-O-O {[%emt 0:00:05]} exd4 {[%emt 0:00:01]} 11. Bxd4 {[%emt 0:00:06]} c5 {[%emt 0:00:01]} 12. Bxf6 {[%emt 0:00:01]} Nxf6 {[%emt 0:00:02]} 13. Bd5 {[%emt 0:00:01]} Nxd5 {[%emt 0:00:04]} 14. Nxd5 {[%emt 0:00:02]} Bxd5 {[%emt 0:00:08]} 15. Qxd5 {[%emt 0:00:03]} O-O {[%emt 0:00:00]} 16. e5 {[%emt 0:00:11]} dxe5 {[%emt 0:00:19]} 17. Qxe5 {[%emt 0:00:00]} Qe8 {[%emt 0:00:28]} 18. Rhe1 {[%emt 0:00:30]} Rd8 {[%emt 0:00:48]} 19. Nc3 {[%emt 0:00:09]} Rxd1+ {[%emt 0:00:31]} 20. Rxd1 {[%emt 0:00:18]} Bf6 {[%emt 0:00:14]} 21. Qxc5 {[%emt 0:00:05]} Qe6 {[%emt 0:00:05]} 22. Nd5 {[%emt 0:00:21]} Be5 {[%emt 0:00:25]} 23. Ne7+ {[%emt 0:01:06] Zeit (Lag: Av=0.45s, max=0.6s)} 1-0

[Event "Stay Safe Play From Home 330"]
[Site "Mustafa Kemal Atatürk"]
[Date "2020.07.24"]
[Round "7"]
[White "Haxhi Baha"]
[Black "Kongle"]
[Result "1-0"]
[WhiteElo "2021"]
[BlackElo "1618"]
[PlyCount "49"]
[EventDate "2020.07.24"]
[EventType "swiss (blitz)"]

1. e4 {[%emt 0:00:05]} e5 {[%emt 0:00:02]} 2. f4 {[%emt 0:00:02]} d6 {[%emt 0:00:02]} 3. Nf3 {[%emt 0:00:01]} Bg4 {[%emt 0:00:01]} 4. Bc4 {[%emt 0:00:05]} Nf6 {[%emt 0:00:01]} 5. fxe5 {[%emt 0:00:06]} dxe5 {[%emt 0:00:01]} 6. Bxf7+ {[%emt 0:00:01]} Kxf7 {[%emt 0:00:03]} 7. Nxe5+ {[%emt 0:00:01]} Kg8 {[%emt 0:00:01]} 8. Nxg4 {[%emt 0:00:00]} Be7 {[%emt 0:00:05]} 9. Nc3 {[%emt 0:00:11]} h6 {[%emt 0:00:08]} 10. d4 {[%emt 0:00:07]} Kh7 {[%emt 0:00:02]} 11. O-O {[%emt 0:00:11]} Nxg4 {[%emt 0:00:01]} 12. Qxg4 {[%emt 0:00:00]} Qxd4+ {[%emt 0:00:05]} 13. Kh1 {[%emt 0:00:01]} Re8 {[%emt 0:00:12]} 14. Qf5+ {[%emt 0:00:12]} Kh8 {[%emt 0:00:02]} 15. Nd5 {[%emt 0:00:37]} Rf8 {[%emt 0:00:03]} 16. Be3 {[%emt 0:00:59]} Qxb2 {[%emt 0:00:14]} 17. Qg6 {[%emt 0:00:29]} Rxf1+ {[%emt 0:00:04]} 18. Rxf1 {[%emt 0:00:00]} Bd6 {[%emt 0:00:06]} 19. Qe8+ {[%emt 0:00:19]} Kh7 {[%emt 0:00:01]} 20. c3 {[%emt 0:00:03]} Qe2 {[%emt 0:00:10]} 21. Qf7 {[%emt 0:00:03]} Nc6 {[%emt 0:00:05]} 22. Bd4 {[%emt 0:00:05]} Nxd4 {[%emt 0:00:04]} 23. cxd4 {[%emt 0:00:00]} Qxe4 {[%emt 0:00:03]} 24. Nf6+ {[%emt 0:00:02]} Kh8 {[%emt 0:00:14]} 25. Nxe4 {[%emt 0:00:00] Kongle resigns (Lag: Av=0.76s, max=1.1s)} 1-0